000
00204 a2200097 4500
001
2247
100
_a
Smith,GG
245
_a
Gas Turbines and Jet Propulsion
260
_a
_b
Iliffe
_c
090
_c
1631
_d
1631
942
_a
NUST-CAE
_c
7014
_c
M
999
_c
237320
_d
237320